A Caverna dos Dinossauros (Record no. 271)

MARC details
000 -LÍDER
campo de controle de tamanho fixo 01952nam a2200349 4500
001 - NÚMERO DE CONTROLE
campo de controle 271
003 - IDENTIFICADOR DO NÚMERO DE CONTROLE
campo de controle OSt
005 - DATA E HORÁRIO DA ÚLTIMA TRANSAÇÃO
campo de controle 20250528074016.0
008 - CAMPO DE DADOS FIXOS--INFORMAÇÃO GERAL
campo de controle de tamanho fixo 250313b |||||||j |||| 00| 1 eng d
020 ## - ISBN - INTERNATIONAL STANDARD BOOK NUMBER
ISBN - International Standard Book Number 9788539513277
040 ## - FONTE DA CATALOGAÇÃO
Idioma da catalogação Por
041 ## - CÓDIGO DE IDIOMA
Código do idioma do original e/ou traduções intermediárias do texto eng
Código do idioma do texto/trilha sonora ou título diferente por
082 ## - CDD - CLASSIFICAÇÃO DECIMAL DE DEWEY
Número de Classificação 028.5
Número do exemplar S879c
100 ## - ENTRADA PRINCIPAL--NOME PESSOAL
Nome pessoal Stone, Rex
9 (RLIN) 494
240 ## - TÍTULO UNIFORME
Título uniforme Dinosaur Cove: Stampede of the Giant reptiles
245 ## - TÍTULO
Título A Caverna dos Dinossauros
Restante do título A fuga dos répteis gigantes /
Indicação de responsabilidade, etc. Stone, Rex ; tradução de Erica Silveira Campos e ilustração de Mike Spoor
260 ## - PUBLICAÇÃO, DISTRIBUIÇÃO, ETC.
Local de publicação, distribuição, etc. São Paulo
Nome do editor, distribuidor, etc. Fundamento
Data da publicação, distribuição, etc. 2015
300 ## - DESCRIÇÃO FÍSICA
Extensão 61 p.
Outros detalhes físicos il.
490 1# - TÍTULO DA SÉRIE
Título da série A Caverna dos Dinossauros
Número do volume ou designação sequencial da série Livro 6
520 ## - NOTA DE RESUMO, ETC.
Resumo, etc. Jamie e Tom adoram visitar o Mundo dos Dinossauros! Mas, desta vez, ao chegarem lá, tudo está muito estranho e quieto demais. Nenhum sinal de dinossauro!<br/><br/>De repente, os amigos ouvem uma explosão ensurdecedora e veem meteoros caindo! Quando as grandes pedras atingem o solo, devastam boa parte do bosque de pinheiros. Os dinossauros estavam escondidos por causa disso! E entre os mais assustados está uma manada de edmontossauros, criaturas tão grandes que podem ter até mil dentes! Querendo fugir do perigo, os animais decidem correr para o lado oposto ao fogo. O problema é que nessa direção tem uma imensa cratera aberta por um meteoro! Se Jamie e Tom não pararem a manada, os edmontossauros estarão perdidos! Mas como é que dois meninos conseguirão parar mais de cem dinossauros gigantescos sem ser pisoteados? Isso é o que você está prestes a descobrir!
650 #0 - ASSUNTO--TERMO TÓPICO
Cabeçalho tópico ou nome geográfico Literatura Americana
9 (RLIN) 84
650 #0 - ASSUNTO--TERMO TÓPICO
Cabeçalho tópico ou nome geográfico Infantojuvenil
9 (RLIN) 200
650 #0 - ASSUNTO--TERMO TÓPICO
Cabeçalho tópico ou nome geográfico Dinossauros
9 (RLIN) 495
650 #0 - ASSUNTO--TERMO TÓPICO
Cabeçalho tópico ou nome geográfico Aventura
9 (RLIN) 47
650 #0 - ASSUNTO--TERMO TÓPICO
Cabeçalho tópico ou nome geográfico Grandes Amizades
9 (RLIN) 28
655 #0 - TERMO DE ÍNDICE--GÊNERO E FORMA
Gênero/forma/ou termo foco Romance
655 #0 - TERMO DE ÍNDICE--GÊNERO E FORMA
Gênero/forma/ou termo foco Ficção
700 ## - ENTRADA ADICIONADA - NOME PESSOAL
Nome pessoal Erica Silveira Campos
Função do autor por extenso TRADUTORA
9 (RLIN) 503
700 ## - ENTRADA ADICIONADA - NOME PESSOAL
Nome pessoal Mike Spoor
Função do autor por extenso Ilustrador
9 (RLIN) 497
830 ## - ENTRADA SECUNDÁRIA DE SÉRIE--TÍTULO UNIFORME
Título uniforme A Caverna dos Dinossauros
Número do volume ou designação sequencial da série Livro 6
9 (RLIN) 498
942 ## - ELEMENTOS DE ENTRADA ADICIONADOS (KOHA)
Fonte de classificação ou esquema de arquivamento Classificação decimal de Dewey
Ocultar no OPAC Não
Tipo de material Koha Livros
Holdings
Situação do descarte Situação das perdas Fonte de classificação ou esquema de arquivamento Materiais especificados (volume encadernado ou outra parte) Status danificado Não pode ser emprestado Coleção Biblioteca de origem Biblioteca atual Localização na estante Data de aquisição Fonte de aquisição Total de empréstimos Número de chamada completo Código de barras Data de último acesso Número do exemplar Data do preço efetivo Tipo de material Koha
    Classificação decimal de Dewey vol. 06     Ficção Biblioteca Professor Eduardo Afonso de Castro Biblioteca Professor Eduardo Afonso de Castro Infanto Juvenil 13.03.2025 doação   IJ 028.5 / S879c 2025-17226 13.03.2025 Ex. 01 13.03.2025 Livros

Powered by Koha